01203nam a22003137a 4500003000500000005001700005008004100022010001000063011001000073035001000083040000900093082002100102110008400123245005500207260004800262300001000310500008500320590004100405590004100446590004100487590004200528650002500570650004800595901000700643942001000650949007100660999001700731952014100748CHAP20220329140952.0971013s1979 r 00010 d a60641 a61613 a65781 cCHAP a634.956bE8 1979 aEscuela Superior de Agricultura Hermanos Escobar. Ciudad Juárez, Chih.937617 aFactores de la producción frutícolab: memoria aCiudad Juárez, Chih. :bLa Escuela,c1979 a88 p. aCurso en sustitución de tesis para obtener el título de Ingeniero Agrónomo aBATCH-UPDb10c20130110lUCH01h1644 aBATCH-UPDb10c20130410lUCH01h1034 aBATCH-UPDb10c20130914lUCH01h1448 aCONVERSIONb10c20130109lUCH01h133314aFruticultura.94368414aPropagación de árboles frutales.992415 aBK cLIBRO a634.956 E8 1979bBCcLIBROd33724000244307eLIBROh72108i65781si c60641d60641 00102ddc4052708GRALaBCbBCcPP_GRALd2019-12-31fLIBROl0o634.956 E8 1979p33724000244307r2019-12-31 00:00:00w2019-12-31yLIBRO